000 01309cam a2200277 a 4500
001 16063297
003 ARRUPE
005 20130918114133.0
008 100121s2010 nyu b 001 0 eng
010 _a 2010001485
020 _a9780199734122 (hardback : alk. paper)
040 _aDLC
_cDLC
043 _an-us---
050 0 0 _aBX1406.3.M375 2010
_b.M375 2010
082 0 0 _a282/.7309046
_222
100 1 _aMassa, Mark Stephen.
_9468
245 1 4 _aThe American Catholic revolution :
_bhow the sixties changed the church forever /
_cby Mark S. Massa.
260 _aNew York :
_bOxford University Press,
_c2010.
300 _axvi, 191 p., [8] p. of plates :
_bill. ;
_c25 cm.
504 _aIncludes bibliographical references and index.
505 0 _aA brief history of Catholic time -- Frederick McManus and worship in the United States -- Humanae vitae in the United States -- The Charles Curran affair -- The dangers of history -- Death shall have no dominion! -- Avery Dulles and the law of unintended consequences -- Things change.
610 2 0 _aCatholic Church
_zUnited States
_xHistory
_y1965-
_9469
906 _a7
_bcbc
_corignew
_d1
_eecip
_f20
_gy-gencatlg
942 _2lcc
_cMONOGRAPH
999 _c117857
_d117857